El muelle

Salvato in:
Dettagli Bibliografici
Autore principale: Diez-Canseco, Alfredo Pareja (Autore)
Natura: Libro
Lingua:spagnolo
Pubblicazione: Ciudad de México Tezontle 1945
Soggetti:
Tags: Aggiungi Tag
Nessun Tag, puoi essere il primo ad aggiungerne!!

MARC

LEADER 00000nam a2200000 a 4500
001 UCQ5177
003 CL-VaPUC
008 980925e19450000MX |||||||||||||||||spa|d
082 0 4 |a Ec863  |b DIE  |2 21 
100 |a Diez-Canseco, Alfredo Pareja  |e author  |9 420453 
245 1 3 |a El muelle 
300 |a 225 p 
942 |c BK 
945 |d 19980925 00:00:00  |a crobeson 
260 |a Ciudad de México  |b Tezontle  |c 1945 
650 7 |a NOVELAS ECUATORIANAS  |2 CL-VaPUC  |9 326824 
650 7 |a LITERATURA ECUATORIANA  |2 CL-VaPUC  |9 419346 
583 |a last modification  |c 19980925 00:00:00  |k Rodrigo Vera 
999 |c 275393  |d 275391 
952 |0 0  |1 0  |4 0  |6 EC_863_000000000000000_DIE_1945  |7 0  |8 A  |9 312130  |a BIBEDU  |b BIBEDU  |d 2019-11-20  |i 1468782  |o Ec863 DIE 1945  |p 1468782  |r 2019-11-20  |w 2019-11-20  |y BK  |k LIT